| 000 | 00693nam a2200241Ia 4500 | ||
|---|---|---|---|
| 003 | OSt | ||
| 005 | 20220928103952.0 | ||
| 006 | a|||||r|||| 00| 0 | ||
| 007 | ta | ||
| 008 | 220927b |||||||| |||| 00| 0 eng d | ||
| 024 | _a129917 | ||
| 037 | _cTextual | ||
| 040 |
_aSDCL _cSDCL _beng |
||
| 041 |
_2eng _aeng |
||
| 082 | _aR1:(Sigma), M6 | ||
| 100 |
_aTurner Stephen P _9407830 |
||
| 245 | 0 | _aThe search for a methodology of social science. | |
| 260 |
_aBoston _bD Reidel Publishing _c1986 |
||
| 300 |
_a251p. _ccm. |
||
| 490 | _aBoston studies in the philosophy of science.92. | ||
| 942 |
_hR1:(Sigma), M6 _cTEXL _2CC |
||
| 999 |
_c723339 _d723339 |
||